000 00389nam a22001337a 4500
003 SGT
020 _a9789385054235
082 _a200
_bA15S
100 _aसिंह, कृपाशंकर
245 _aआर्य, ऋग्वेद और भारतीय सभ्यता
260 _bकिताबघर प्रकाशन
_c2015
300 _a640
942 _2ddc
_cBK
999 _c31728
_d31728